Terrorism claims may bankrupt consultants (Record no. 117143)
[ view plain ]
| 000 -LEADER | |
|---|---|
| fixed length control field | 00985cam a2200217 4500 |
| 001 - CONTROL NUMBER | |
| control field | WB4012-10 |
| 008 - FIXED-LENGTH DATA ELEMENTS--GENERAL INFORMATION | |
| fixed length control field | 040325n2004 000 0 eng u |
| 035 ## - SYSTEM CONTROL NUMBER | |
| System control number | (Sirsi) u125588 |
| 245 ## - TITLE STATEMENT | |
| Title | Terrorism claims may bankrupt consultants |
| 260 ## - PUBLICATION, DISTRIBUTION, ETC. | |
| Date of publication, distribution, etc. | 2004 |
| 490 ## - SERIES STATEMENT | |
| Series statement | New Civil Engineer |
| Volume/sequential designation | (1524) 25 March 2004, 5(1) |
| 520 ## - SUMMARY, ETC. | |
| Summary, etc. | The Association of Consulting Engineers has warned that consultants who face resulting claims from building owners over terrorist attacks may be bankrupted. It has written to the construction minister urging him to consider new laws excluding consultants from terrorism related risks. They have also asked him to consider setting up an insurance fund using public and private sector cash to pay claims made by victims of attacks on buildings. |
| 590 ## - LOCAL NOTE (RLIN) | |
| Local note | WB |
| 590 ## - LOCAL NOTE (RLIN) | |
| Local note | WB |
| 650 ## - SUBJECT ADDED ENTRY--TOPICAL TERM | |
| Topical term or geographic name entry element | INSURANCE CLAIMS |
| 650 ## - SUBJECT ADDED ENTRY--TOPICAL TERM | |
| Topical term or geographic name entry element | TERRORIST ATTACKS |
| 650 ## - SUBJECT ADDED ENTRY--TOPICAL TERM | |
| Topical term or geographic name entry element | TERRORISM INSURANCE |
| 650 ## - SUBJECT ADDED ENTRY--TOPICAL TERM | |
| Topical term or geographic name entry element | CONSULTANTS |
| 690 ## - LOCAL SUBJECT ADDED ENTRY--TOPICAL TERM (OCLC, RLIN) | |
| Topical term or geographic name as entry element | INSURANCE |
| 9 (RLIN) | 6249 |
| 942 ## - ADDED ENTRY ELEMENTS (KOHA) | |
| Suppress in OPAC | 0 |
| Withdrawn status | Lost status | Source of classification or shelving scheme | Damaged status | Not for loan | Home library | Current library | Shelving location | Date acquired | Total Checkouts | Full call number | Barcode | Date last seen | Copy number | Price effective from | Koha item type |
|---|---|---|---|---|---|---|---|---|---|---|---|---|---|---|---|
| Dewey Decimal Classification | London | London | News article | 25/03/2004 | WB4012-10 | 125588-1001 | 06/08/2019 | 1 | 06/08/2019 | News article |